Sochařům se netleská : rozhovor Lenky Jaklové s Vladimírem Preclíkem

Hlavní autor: Preclík, Vladimír, 1929-2008
Další autoři: Jaklová, Lenka, 1959-
Jazyk: Čeština
Vydáno: [Praha] : Gallery, 2006
Témata:
Fyzický popis: 256 s. : il. ; 25 cm
Knihy
Uloženo v:
LEADER 01725nam a2200493 a 4500
001 nkc20061689736
003 CZ PrNK
005 20070307090727.0
007 ta
008 060918s2006 xr a e 000 0acze
015 |a cnb001689736 
020 |a 80-86990-01-X  |q (váz.) 
035 |a (OCoLC)82365524 
040 |a OLA001  |b cze  |d ABA001 
043 |a e-xr--- 
045 |a x2y0 
072 7 |a 73  |x Sochařství, keramika, porcelán, umělecké zpracování kovů  |2 Konspekt  |9 21 
072 7 |a 929  |x Biografie  |2 Konspekt  |9 8 
080 |a 929  |2 MRF 
080 |a 730.071.1  |2 MRF 
080 |a 730  |2 MRF 
080 |a (437.3)  |2 MRF 
080 |a (0:82-94)  |2 MRF 
080 |a (047.53)  |2 MRF 
100 1 |a Preclík, Vladimír,  |d 1929-2008  |7 jn99240000901  |4 ive  |4 art 
245 1 0 |a Sochařům se netleská :  |b rozhovor Lenky Jaklové s Vladimírem Preclíkem 
260 |a [Praha] :  |b Gallery,  |c 2006 
300 |a 256 s. :  |b il. ;  |c 25 cm 
600 1 7 |a Preclík, Vladimír,  |d 1929-2008  |7 jn99240000901  |2 czenas 
648 7 |a 20.-21. století  |7 ch462155  |2 czenas 
650 0 7 |a sochaři  |7 ph125736  |z Česko  |y 20.-21. stol.  |2 czenas 
650 0 7 |a sochařství  |7 ph125738  |2 czenas 
650 0 9 |a sculptors  |z Czechia  |y 20th-21st centuries  |2 eczenas 
650 0 9 |a sculpture  |2 eczenas 
655 7 |a autobiografické vzpomínky  |7 fd131854  |2 czenas 
655 7 |a rozhovory  |7 fd133303  |2 czenas 
655 9 |a autobiographical reminiscences  |2 eczenas 
655 9 |a interviews  |2 eczenas 
700 1 |a Jaklová, Lenka,  |d 1959-  |7 jo20000073692  |4 ivr  |4 edt 
910 2 |a BOA001  |b 3-1174.599 
990 |a BK 
995 |a 01 
991 |b 200610  |c NOV 
996 6 |b 2610290508  |c 3-1174.599  |l MZK  |r Sklad / do 1 hodiny  |n 11  |p p.v.  |w 000826526  |u 000010  |a 1  |e BOA001  |j MZK50  |s P